00489nam a2200145Ia 4500008004100000020001800041050002900059100002400088245004700112260004300159300002900202440005200231500005100283521000900334140609s9999 xx 000 0 und d a9780470404683 aHF 5549.5.T7b.C534 2010 aChan, Janis Fisher. aTraining fundamentals /cJanis Fisher Chan aSan Francisco, CA :bPfeiffer,cc2010. a246 p. :bill. ;c24 cm. a(Pfeiffer essential guides to training basics). aIncludes bibliographical references and index. aBSBA